00502nam a22001457a 4500008004100000020001800041050002200059100002000081245010300101250001200204260003800216300003200254500005100286650001900337230727b |||||||| |||| 00| 0 eng d a9780816308446 aBX 6111 .W45 1911 aWhite, Ellen G. aThe great controvacy Christ and Satan : bthe conflict of the ages in the Christian dispensation / a1st ed. aUSA:bThe Ellen and White,c1911. axiv, 734p. ;bill. ;c18 cm aincludes bibliographical references and index. 2Good and evil.